Magical Creatures Pt 5 - Statistics

General Stats
  • This quiz has been taken 5 times
  • The average score is 8 of 28
Answer Stats
Answer % Correct
Ghost
100%
Djinni
60%
Phantom
60%
Poltergeist
40%
Spectre
40%
Deogen
20%
Diao Si Gui
20%
Dybbuk
20%
Eidolon
20%
Goryo
20%
Haint
20%
Hantu
20%
Hitodama
20%
Ikiryō
20%
Kormos
20%
Mare
20%
Moroi
20%
Myling
20%
Obake
20%
Onryō
20%
Pontianak
20%
Preta
20%
Shade
20%
Shiryō
20%
Shroud
20%
Thayé
20%
Wraith
20%
Yūrei
20%
No matching quizzes found
Score Distribution
Percent of People with Each Score
Percentile by Number Answered
Your Score History
You have not taken this quiz